It's only business! : (Record no. 17657)

MARC details
000 -LEADER
fixed length control field 00809nam a22002177a 4500
005 - DATE AND TIME OF LATEST TRANSACTION
control field 20081022123021.0
008 - FIXED-LENGTH DATA ELEMENTS--GENERAL INFORMATION
fixed length control field 081022t xxu||||| |||| 00| 0 eng d
010 ## - LIBRARY OF CONGRESS CONTROL NUMBER
LC control number ENG-84319
020 ## - INTERNATIONAL STANDARD BOOK NUMBER
International Standard Book Number 01956884338
020 ## - INTERNATIONAL STANDARD BOOK NUMBER
Terms of availability 395.00 (hb)
035 ## - SYSTEM CONTROL NUMBER
System control number EN-67852
082 ## - DEWEY DECIMAL CLASSIFICATION NUMBER
Classification number 658.408
100 ## - MAIN ENTRY--PERSONAL NAME
Personal name Mitra, Meera
245 ## - TITLE STATEMENT
Title It's only business! :
Remainder of title India's corporate social responsiveness in a globalized world /
Statement of responsibility, etc by Meera Mitra
260 ## - PUBLICATION, DISTRIBUTION, ETC. (IMPRINT)
Place of publication, distribution, etc New Delhi
Name of publisher, distributor, etc Oxford University Press
260 ## - PUBLICATION, DISTRIBUTION, ETC. (IMPRINT)
Date of publication, distribution, etc 2007
300 ## - PHYSICAL DESCRIPTION
Extent xxiii,192p
Dimensions 24cm
500 ## - GENERAL NOTE
General note Includes bibliographical references and index
942 ## - ADDED ENTRY ELEMENTS (KOHA)
Source of classification or shelving scheme Dewey Decimal Classification
Koha item type English Books
Classification part 658.408
Call number suffix MIT
Holdings
Withdrawn status Lost status Source of classification or shelving scheme Damaged status Not for loan Collection code Home library Current library Date acquired Cost, normal purchase price Total Checkouts Full call number Barcode Date last seen Copy number Cost, replacement price Price effective from Koha item type
    Dewey Decimal Classification   Not For Loan Non-fiction D.B.Act.Division D.B.Act.Division 02/03/2007 395.00   658.408 MIT EN-67852 04/11/2008 1 395.00 04/11/2008 English Books

© Delhi Public Library
Hit Counter
free hit counter